Stichi.

Saved in:
Bibliographic Details
Main Author: Sultan, Džura
Format: Book
Language:Slovak
Published: 1951.
Tags: Add Tag
No Tags, Be the first to tag this record!

MARC

LEADER 00000nam a22000004a 4500
001 000518521
005 20160817094524.0
008 160817s1951 xo e 000 0 slo d
040 |a SVKKK  |b slo  |c SVKKK  |e AACR2 
100 1 |a Sultan, Džura 
245 1 0 |a Stichi. 
260 |c 1951. 
500 |a Záznam revízie 
910 |a svkkk 
998 |a BK 
090 |g SCKHL  |k Sklad  |a I.4805  |j 10307  |i 518521-10  |4 Zastaraná  |s Vyradená